Il dio disarmato
Guardat en:
| Autor principal: | |
|---|---|
| Format: | Llibre |
| Idioma: | idioma desconegut |
| Publicat: |
Empoli
Ibiskos
1999
|
| Etiquetes: |
Sense etiquetes, Sigues el primer a etiquetar aquest registre!
|
MARC
| LEADER | 00000nam a2200000Ia 4500 | ||
|---|---|---|---|
| 001 | 46 | ||
| 003 | NUMERAZIONE-ORIGINALE-BRESCIA | ||
| 005 | 20260206230747.0 | ||
| 008 | 260206s9999 xx 000 0 und d | ||
| 100 | |a Rossini Piermarco | ||
| 245 | 0 | |a Il dio disarmato | |
| 260 | |a Empoli | ||
| 260 | |b Ibiskos | ||
| 260 | |c 1999 | ||
| 500 | |a Il caprifoglio | ||
| 500 | |a Per favore posso farti un miracolo? | ||
| 942 | |2 ddc |c BK |n 0 | ||
| 952 | |0 0 |1 0 |2 ddc |4 0 |6 15 |7 0 |9 28228 |a BS |b BS |d 2026-02-06 |i 46 |l 0 |o 1-5-* |r 2026-02-06 22:40:31 |w 2026-02-06 |x [REVISIONARE] |y BK | ||
| 999 | |c 23928 |d 23928 | ||